- Bertely Busquets, María
Entry Nombre Personal
001 - NUMERO DE CONTROL
- campo de control: 34134
003 - IDENTIFICADOR DE NUMERO DE CONTROL
- campo de control: DLC
005 - FECHA Y HORA DE LA ÜLTIMA TRANSACCIÓN
- campo de control: 20221006083743.0
008 - DATOS DE LONGITUD FIJA
- campo de control de longitud fija: 991006n| azannaabn |a aaa
010 ## - NÚMERO DE CONTROL DE LA BIBLIOTECA DEL CONGRESO
- Número de control LC: n 99274604
035 ## - NUMERO DE CONTROL
- Número de control: (OCoLC)oca05078853
040 ## - FUENTE DE CATALOGACIÓN
- Agencia original de catalogación: DLC
- Lenguaje de catalogación: spa
- Description conventions: rda
- Agencia de transcripción: DLC
- Agencia que lo modifica: Uk
- Agencia que lo modifica: UPB
- Agencia que lo modifica: MX-MxUPN
046 ## - FECHAS CON CODIFICACIÓN ESPECIAL
- Fecha de nacimiento: 1955
- Fecha de muerte: 2019
- Fuente del formato de fecha: edtf
100 1# - ENCABEZAMIENTO - NOMBRE PERSONAL
- Nombre personal: Bertely Busquets, María
370 ## - LUGAR ASOCIADO
- Place of birth: Ciudad de México
- Place of death: Ciudad de México
- Fuente del término: naf
377 ## - LENGUA ASOCIADA
- Language code: spa
400 1# - VEÁSE - NOMBRE DE PERSONA
- Personal name: Bertely, María
670 ## - FUENTE EN LA QUE SE LOCALIZARON DATOS
- Cita de la fuente: Vistilla hacia un hacer, 1999:
- Información localizada: portada (María Bertely Busquets)
670 ## - FUENTE EN LA QUE SE LOCALIZARON DATOS
- Cita de la fuente: Identidades, estado nacional y globalidad, 2000:
- Información localizada: portada (María Bertely)
670 ## - FUENTE EN LA QUE SE LOCALIZARON DATOS
- Cita de la fuente: La división es nuestra fuerza, 2019:
- Información localizada: portada (María Bertely Busquets) solapa (Ciudad de México, 1955-2019)
670 ## - FUENTE EN LA QUE SE LOCALIZARON DATOS
- Cita de la fuente: Interaprendizajes entre indígenas : de cómo las y los educadores pescan conocimientos y significados comunitarios en contextos interculturales, 2011:
- Información localizada: portada (María Bertely Busquets)
902 ## - CATALOGADOR
- Catalogador: Víctor Ruiz/061022
